000
00307nam a2200133Ia 4500
008
151213s9999 xx 000 0 und d
245
_a
Essential of business Environment
250
_a
7th
260
_a
Delhi
_b
Himalya
300
_a
1499 p.
650
_a
Management
650
_a
Management
999
_c
1160
_d
1160